|
|
|
|
| LEADER |
00568nam a22001571a 4500 |
| 020 |
|
|
|a 9788170208259
|
| 082 |
|
|
|a 025.02
|b KHA/T
|
| 245 |
|
|
|a Technical services in libraries/
|c by M A Khan (ed.)
|
| 260 |
|
|
|a New Delhi:
|b Cosmo,
|c 1999.
|
| 300 |
|
|
|a 260p.
|
| 650 |
|
|
|a Technical Processes Library Operations
|9 119928
|
| 650 |
|
|
|a Library Science
|9 119929
|
| 700 |
|
|
|a M A Khan (ed.)
|9 119930
|
| 942 |
|
|
|c REF
|
| 999 |
|
|
|c 46281
|d 46281
|
| 952 |
|
|
|0 0
|1 0
|4 0
|6 R_025_020000000000000_KHA_T
|7 0
|9 66914
|a SSUS
|b SSUS
|c REF
|d 2015-01-08
|g 790.00
|o R 025.02 KHA/T
|p 018656
|r 2015-01-08
|v 0.00
|w 2015-01-08
|y REF
|